| 000 | 01175naa a22003257a 4500 | ||
|---|---|---|---|
| 001 | BR6010261 | ||
| 003 | BR-BrBNA | ||
| 005 | 20240918173202.0 | ||
| 007 | ta | ||
| 008 | 230509b bl.||||| |||| 00| 0 por d | ||
| 040 |
_aBR-BrBNA _bpor _cBiblioteca Nacional de Agricultura |
||
| 041 | _a(Pt) | ||
| 072 |
_aF22 _b/G514 |
||
| 090 | _aF22 BR6010261 | ||
| 100 | 1 | _aKalckmann, R.E. | |
| 100 | 1 | _aCazaretto, J.T. | |
| 100 | 1 | _aFernandes, D.R. | |
| 111 | 1 |
_a6. Congresso Brasileiro de Ciencia do Solo _cSalvador, BA (Brazil) _d15 Jul 1957 |
|
| 245 | 1 |
_aAnalise de solo para fins de assistencia [Rio Grande do Sul; Brasil] _bNota previa |
|
| 260 | 3 |
_aRio de Janeiro, GB (Brasil): _c1962. |
|
| 500 | _aAnais do 6. Congresso Brasileiro de Ciencia do Solo Rio de Janeiro, GB (Brasil): 1962. p. 51-62 (BR6010261-AM)F22 | ||
| 650 | _aQuimica do solo | ||
| 650 | _aFisica do solo | ||
| 650 | _aAnalise do solo | ||
| 650 | _aFertilidade do solo | ||
| 650 | _aRio Grande do Sul | ||
| 773 | 0 |
_tAnais do 6. Congresso Brasileiro de Ciencia do Solo _wF22 BR6010261 _gRio de Janeiro, GB (Brasil), 1962. p. 51-62 |
|
| 909 |
_a202404 _bLucia _c55 _dLucia Elande |
||
| 942 |
_cAM _2AGRIS |
||
| 999 |
_c303342 _d303342 |
||